La Agricultura campesina en Costa Rica: alternativas y desafíos en la transformación productiva del agro . Capítulo II: Potencial y viabilidad de algunas alternativas de producción campesina /

El chayote es un producto de presencia constante en las huertas costarricenses. Su comercialización hacia Estados Unidos comienza en la década de 1970. La producción nacional exportable se concentra en un rango de 15km, al este del cantón de Paraíso, Cartago. Estos 15km de producción de chayote para...

पूर्ण विवरण

में बचाया:
ग्रंथसूची विवरण
मुख्य लेखक: Masís Morales, German
निगमित लेखकों: Instituto para el Desarrollo y la Acción Social, Universidad de Costa Rica. Facultad de Ciencias Sociales. Instituto de Investigaciones Sociales
अन्य लेखक: Rodríguez Solera, Carlos Rafael
स्वरूप: मूलपाठ
प्रकाशित: San José: IDEAS
विषय:
टैग: टैग जोड़ें
कोई टैग नहीं, इस रिकॉर्ड को टैग करने वाले पहले व्यक्ति बनें!

MARC

LEADER 00000 a a2200000 04500
001 28823
003
040 |a CRAI/IIS  |c CRAI/IIS 
020 |a 9968-736-01-5  
090 |a 189805  
100 |a Masís Morales, German  
110 |a Instituto para el Desarrollo y la Acción Social  
245 |a La Agricultura campesina en Costa Rica: alternativas y desafíos en la transformación productiva del agro . Capítulo II: Potencial y viabilidad de algunas alternativas de producción campesina /  |c Instituto para el Desarrollo y la Acción Social  
260 |a San José:   |b IDEAS  
300 |a 349 p  
520 |a El chayote es un producto de presencia constante en las huertas costarricenses. Su comercialización hacia Estados Unidos comienza en la década de 1970. La producción nacional exportable se concentra en un rango de 15km, al este del cantón de Paraíso, Cartago. Estos 15km de producción de chayote para exportación hacen de Costa Rica el primer país exportador de la fruta. Quienes la producen son pequeños agricultores en la zona del valle de Ujarrás, con un área de producción de 360ha para 1991 (p.143). Estos agricultores alternan el chayote con otros cultivos como tomate, chile, ayote y legumbres, dejando en promedio 1ha por productor para el cultivo de exportación, en fincas que oscilan entre 0,5 y 19 ha (p.147). A pesar de ser el principal productor de chayote, siendo su único rival México los productores costarricenses nunca han podido manejar los precios en el mercado internacional. Esto se debe a la política de "lo toma o lo deja" promovida por los importadores de la fruta en Estados Unidos y Europa, y sustentada en la mal encausada competencia de los exportadores nacionales, preocupados únicamente por el beneficio de los Certificados de Abono Tributario (CAT), en detrimento de los ingresos del pequeño productor  
650 |a DIVERSIFICACION DE EXPORTACIONES  
650 |a FRUTAS  
650 |a PEQUEÑOS AGRICULTORES  
650 |a ROTACION DE CULTIVOS  
650 |a INCENTIVOS TRIBUTARIOS  
650 |a PRECIOS DE EXPORTACIONES  
650 |a INGRESO AGRICOLA  
700 |a Rodríguez Solera, Carlos Rafael  
710 |a Universidad de Costa Rica. Facultad de Ciencias Sociales. Instituto de Investigaciones Sociales  
999 |c 16876  |d 16876